Impact of dollarization on channels of monetary policy

Vývoj dolarizácie a aktuálny dopad na menovú politiku v Srbsku ako aj jej vplyv na reálnu aktivitu cenovej hladiny. Úrokové sadzby a štruktúra držby peňazí (dináre vs. cudzia mena). Národna banka Srbska a objem dinárov v obehu.

Gespeichert in:
Bibliographische Detailangaben
1. Verfasser: Dráb, Ján
Weitere Verfasser: Dujava, Daniel
Format: Buchkapitel
Sprache:Englisch
Schlagworte:
Tags: Tag hinzufügen
Keine Tags, Fügen Sie das erste Tag hinzu!

MARC

LEADER 00000nla a2200000 4500
001 0223366
005 20240612110109.0
041 0 |a eng 
044 |a SK 
245 1 0 |a Impact of dollarization on channels of monetary policy  |c Ján Dráb, Daniel Dujava 
520 |a Vývoj dolarizácie a aktuálny dopad na menovú politiku v Srbsku ako aj jej vplyv na reálnu aktivitu cenovej hladiny. Úrokové sadzby a štruktúra držby peňazí (dináre vs. cudzia mena). Národna banka Srbska a objem dinárov v obehu. 
610 2 0 |a politika menová 
610 2 0 |a sadzby úrokové 
610 2 0 |a nástroje politiky menovej 
610 2 0 |a stratégia menová 
610 2 0 |a hladina cenová 
610 2 0 |a dinár 
610 2 0 |a dolár 
610 2 0 |a Srbsko 
100 1 |a Dráb, Ján 
700 1 |a Dujava, Daniel